| 000 | 01359cam a2200289 a 4500 | ||
|---|---|---|---|
| 001 | 1273 | ||
| 005 | 20230815101224.0 | ||
| 008 | 010423r19901962nyua c 000 1 eng | ||
| 020 | _a0380709155 | ||
| 040 |
_aDLC _cDLC _dDLC _beng |
||
| 050 | 0 | 0 |
_aPZ7.C5792 _bHcp 1991 |
| 082 | 0 | 0 |
_a[Fic] _221 |
| 100 | 1 | _aCleary, Beverly | |
| 245 | 1 | 0 |
_aHenry and the clubhouse / _cBeverly Cleary ; illustrated by Louis Darling |
| 250 | _aFirst Avon Camelot printing: March 1990 | ||
| 260 |
_aNew York : _bAvon Books, _c1962 |
||
| 300 |
_a192 pages : _bIllustrations ; _c20 cm. |
||
| 505 | _aT | ||
| 520 | _aFor Henry Huggins and his friends Robert and Murph, a clubhouse is a place where they can do as they please, without being bothered by girls. The sign that says NO GIRLS ALLOWED -- THIS MEANS YOU especially means Ramona Quimby. Lately Ramona has been following Henry on his newspaper route, embarrassing him in front of Henry's customers. The day Ramona follows Henry to the clubhouse, she wants to teach him girls aren't so bad, but she almost puts an end to his newspaper career forever. | ||
| 521 | 1 |
_a820
_bLexile |
|
| 521 | 0 |
_aT
_bRaz-Plus |
|
| 650 | 1 |
_aNewspaper carriers _vFiction. |
|
| 650 | 1 |
_aFamily life _vFiction. |
|
| 700 | 1 |
_aDarling, Louis _eIllustrator |
|
| 906 |
_a7 _bcbc _corigcop _d2 _encip _f20 _gy-gencatlg |
||
| 942 |
_2ddc _cBK _n0 |
||
| 999 |
_c1273 _d1273 |
||